00797 2200277 4500001002100000005001500021035002000036007000300056008004100059020002200100082001000122084001600132100002300148245013900171250001000310260004300320300003400363650002500397504002800422500001100450500001400461990001100475990001100486990001100497990001100508INLIS00000000000565720200630085058 a0010-0420000051ta200630 g 0 ind  a978-602-223-026-7 a959.8 a959.8 YUL e0 aYULI, Ardi Wirawan1 aEnsiklopedia Seni Budaya dan Keterampilan Sulawesi Barat, Sulawesi Selatan, Sulawesi Tengah dan Sulawesi Tenggara /cYuli Ardi Wirawan acet.2 aJakarta :bMultazam Mulia Utama,c2011 avi,89 hlm. :bilus. ;c30 cm. 4aKEBUDAYAAN INDONESIA aBibliografi : hlm.84-87 aIndeks aGlosarium a7415 a a7415 b a7415 c a7415 d